Potenzrechnen: sehr schwer - Statistiken

Allgemein
  • Dieses Quiz wurde 288 mal gespielt
  • Das Durchschnittsergebnis liegt bei 7 aus 10
Antwortstatistiken
Zahl Ergebnis % Korrekt
0
100%
0
100%
0
100%
1
100%
1
100%
1
100%
4⁰ 1
100%
6⁰ 1
100%
7⁰ 1
100%
10⁰ 1
100%
10¹ 10
100%
10³ 1000
100%
10⁵ 100000
100%
2¹⁰ 1024
100%
11² 121
100%
12² 144
100%
14² 196
100%
2
100%
25
100%
5⁵ 3125
100%
4
100%
49
100%
6
100%
7
100%
8
100%
3⁴ 81
100%
9
100%
9
100%
8⁰ 1
94%
13² 169
94%
36
94%
64
93%
9⁰ 1
92%
10⁴ 10000
92%
16
91%
2⁹ 512
91%
5⁴ 625
91%
2⁴ 16
90%
8
90%
3⁰ 1
89%
5⁰ 1
89%
216
89%
27
88%
729
88%
10² 100
87%
2⁸ 256
87%
12³ 1728
86%
2⁵ 32
86%
5
86%
512
86%
125
85%
2⁷ 128
85%
2¹³ 8192
85%
1⁰ 1
82%
2⁰ 1
81%
11³ 1331
80%
2¹¹ 2048
80%
343
80%
3⁵ 243
78%
4⁴ 256
78%
2⁶ 64
78%
3⁶ 729
77%
10⁶ 1000000
75%
2¹² 4096
75%
64
75%
81
75%
6⁴ 1296
71%
4⁶ 4096
69%
8⁴ 4096
67%
9^½ 3
64%
5⁶ 15625
60%
4⁵ 1024
58%
9⁴ 6561
58%
2¹⁴ 16384
56%
4⁷ 16384
56%
3⁷ 2187
50%
7⁴ 2401
50%
2¹⁵ 32768
50%
8^⅔ 4
46%
11⁴ 14641
44%
4⁸ 65536
40%
5⁷ 78125
40%
2¹⁶ 65536
38%
12⁴ 20736
35%
5⁸ 390625
33%
9⁶ 531441
33%
3¹⁰ 59049
33%
4⁹ 262144
29%
6⁶ 46656
29%
3⁹ 19683
27%
13³ 2197
27%
7⁵ 16807
25%
8⁵ 32768
25%
3⁸ 6561
25%
6⁵ 7776
25%
3¹² 531441
21%
2¹⁷ 131072
18%
11⁵ 161051
17%
9⁵ 59049
17%
2¹⁸ 262144
14%
7⁶ 117649
13%
5⁹ 1953125
13%
8⁶ 262144
8%
3¹¹ 177147
0%
Keine übereinstimmenden Quizze gefunden
Verteilung der Resultate
Anzahl Personen mit jedem Resultat
Perzentil nach korrekt beantworteten Fragen
Ihre Resultats-Entwicklung
Sie haben dieses Quiz noch nicht gespielt